00309nam a2200145Ia 45000030006000000080041000060400015000471000026000622450023000882500006001112600009001173000006001265460014001320050017001460STCL150530s9999 xx 000 0 und d aSTCLcSTCL aBalakrishnan Nair, N. aSikshakramadeepika a1 c1957 a0 aMalayalam20220125171759.0